Normal view
MARC view
- Coombs, Jason
Entry Personal Name
001 - CONTROL NUMBER
- control field: 98099
003 - CONTROL NUMBER IDENTIFIER
- control field: NUST
005 - DATE AND TIME OF LATEST TRANSACTION
- control field: 20220818183809.0
008 - FIXED-LENGTH DATA ELEMENTS
- fixed length control field: 220818|| aca||aabn | a|a d
040 ## - CATALOGING SOURCE
- Original cataloging agency: NUST
- Transcribing agency: NUST
100 ## - HEADING--PERSONAL NAME
- Personal name: Coombs, Jason
670 ## - SOURCE DATA FOUND
- Source citation: Work cat.: (NUST)179117: Coombs, Jason 98098, Setting up an Internet site for dummies /, c1998.
